Personnages de Naruto - Mort Subite - Statistiques

Statistiques générales
  • Ce quiz a été pris 3 996 fois
  • Le résultat moyen est 12 sur 20
Answers on the Grid
Answers color-coded by a green-red scale on the quiz's grid according to % correct below.
Naruto Uzumaki
Sasuke Uchiwa
Madara Uchiwa
Orochimaru
Hiruzen Sarutobi
Shikamaru Nara
Saï
Kisame Hoshigaki
Zabuza Momochi
Shukaku
Kurama
Sakura Haruno
Hinata Hyuga
Minato Namikaze
Gamabunta
Shima
Pain
Deidara
Gaara
Rock Lee
Killua Zoldyck
Yusuke Urameshi
Ryo Saeba
Gon Freecs
Vegeta
Wendy Marvel
Edward Elric
Umibozu
Saga
Lelouch Lamperouge
Sakura Kinomoto
Shaolan Li
Usagi Tsukino
Saori Kido
Oden Kozuki
Rukia Kuchiki
Rangiku Matsumoto
Shoyo Hinata
Kojiro Hyuga
Eikichi Onizuka
 
Statistiques - réponses
Réponse % Correct
Naruto Uzumaki
66%
Pain
66%
Rock Lee
66%
Sasuke Uchiwa
66%
Madara Uchiwa
65%
Gaara
64%
Orochimaru
64%
Shikamaru Nara
64%
Minato Namikaze
63%
Deidara
62%
Kurama
62%
Hinata Hyuga
61%
Saï
61%
Sakura Haruno
61%
Hiruzen Sarutobi
60%
Zabuza Momochi
59%
Kisame Hoshigaki
57%
Shukaku
53%
Gamabunta
51%
Shima
8%
Aucun quiz correspondant
Distribution des résultats
% des personnes avec chaque résultat
Percentile par nombre de réponses
Votre historique - résultats
Vous n’avez pas pris ce quiz